000 01152nam a2200337 i 4500
001 11423
003 KOSZ 005
005 20221213103951.0
008 071119s1968 pl g 000 0 pol
015 _aPB 1968/8834
040 _aWA N
_cWA N
_dKOSZ 005/RW
_dKOSZ 005/HR
046 _k1968
080 _a614.84
080 _a658.1/.5
100 1 _aOłdakowski, Henryk
_d(1917-2002)
_eAutor
245 1 0 _aOchrona przeciwpożarowa :
_bmateriały do szkolenia pracowników zakładów pracy /
_cHenryk Ołdakowski.
260 _aWarszawa :
_bWydawnictwo Związkowe CRZZ,
_c1968.
300 _a139, [1] s. ;
_c18 cm.
336 _2rdacontent
_aTekst
_btxt
337 _2rdamedia
_aBez urządzenia pośredniczącego
_bn
338 _2rdacarrier
_aWolumin
_bnc
380 _aKsiążki
388 _a1901-2000
388 _a1945-1989
504 _aBibliogr. s. [109].
650 4 _aOchrona przeciwpożarowa
650 4 _aSzkolenie BHP
710 2 _aWydawnictwo Związkowe CRZZ
_4pbl.
856 _uhttp://koha.tu.koszalin.pl/cgi-bin/koha/opac-detail.pl?biblionumber=11423
_yKatalog online BPK
942 _2UKD
_cKS
999 _c11423
_d11423